<?xml version="1.0" encoding="UTF-8"?>
<collection xmlns="http://www.loc.gov/MARC21/slim">
 <record>
  <leader>13605nas a22012257a 4500</leader>
  <controlfield tag="001">000173492</controlfield>
  <controlfield tag="003">CZ-PrVSE</controlfield>
  <controlfield tag="005">20250207135304.0</controlfield>
  <controlfield tag="007">ta</controlfield>
  <controlfield tag="008">040308c19939999xr ar|p|r     0    0cze d</controlfield>
  <datafield tag="015" ind1=" " ind2=" ">
   <subfield code="a">cnb001656049</subfield>
  </datafield>
  <datafield tag="022" ind1=" " ind2=" ">
   <subfield code="a">1210-809X</subfield>
   <subfield code="l">1210-809X</subfield>
  </datafield>
  <datafield tag="040" ind1=" " ind2=" ">
   <subfield code="a">ABA006</subfield>
   <subfield code="b">cze</subfield>
   <subfield code="c">ABA006</subfield>
   <subfield code="d">ABA006</subfield>
  </datafield>
  <datafield tag="041" ind1="0" ind2=" ">
   <subfield code="a">cze</subfield>
   <subfield code="a">eng</subfield>
  </datafield>
  <datafield tag="072" ind1=" " ind2="7">
   <subfield code="a">51</subfield>
   <subfield code="x">Matematika</subfield>
   <subfield code="2">Konspekt</subfield>
   <subfield code="9">13</subfield>
  </datafield>
  <datafield tag="072" ind1=" " ind2="9">
   <subfield code="a">510</subfield>
   <subfield code="x">Mathematics</subfield>
   <subfield code="2">Conspectus</subfield>
   <subfield code="9">13</subfield>
  </datafield>
  <datafield tag="080" ind1=" " ind2=" ">
   <subfield code="a">51</subfield>
   <subfield code="2">MRF_2014</subfield>
  </datafield>
  <datafield tag="080" ind1=" " ind2=" ">
   <subfield code="a">37.016.026</subfield>
   <subfield code="2">MRF_2003</subfield>
  </datafield>
  <datafield tag="080" ind1=" " ind2=" ">
   <subfield code="a">(062.552)</subfield>
   <subfield code="2">MRF_2003</subfield>
  </datafield>
  <datafield tag="099" ind1=" " ind2="9">
   <subfield code="a">51MUN</subfield>
  </datafield>
  <datafield tag="245" ind1="0" ind2="0">
   <subfield code="a">Mundus symbolicus :</subfield>
   <subfield code="b">sborník katedry matematiky /</subfield>
   <subfield code="c">Vysoká škola ekonomická, Katedra matematiky</subfield>
  </datafield>
  <datafield tag="246" ind1="3" ind2="3">
   <subfield code="a">Sborník katedry matematiky</subfield>
  </datafield>
  <datafield tag="260" ind1=" " ind2=" ">
   <subfield code="a">Praha :</subfield>
   <subfield code="b">Vysoká škola ekonomická,</subfield>
   <subfield code="c">1993-</subfield>
  </datafield>
  <datafield tag="310" ind1=" " ind2=" ">
   <subfield code="a">1x ročně,</subfield>
   <subfield code="b">2007-</subfield>
  </datafield>
  <datafield tag="321" ind1=" " ind2=" ">
   <subfield code="a">2x ročně,</subfield>
   <subfield code="b">1993-2006</subfield>
  </datafield>
  <datafield tag="500" ind1=" " ind2=" ">
   <subfield code="a">Podnázev do r. 2008: sborník katedry matematiky</subfield>
  </datafield>
  <datafield tag="546" ind1=" " ind2=" ">
   <subfield code="a">Český a anglický text</subfield>
  </datafield>
  <datafield tag="650" ind1="0" ind2="7">
   <subfield code="a">matematika</subfield>
   <subfield code="7">ph117231</subfield>
   <subfield code="2">czenas</subfield>
  </datafield>
  <datafield tag="650" ind1="0" ind2="7">
   <subfield code="a">předmětová didaktika</subfield>
   <subfield code="7">ph162893</subfield>
   <subfield code="2">czenas</subfield>
  </datafield>
  <datafield tag="653" ind1="0" ind2=" ">
   <subfield code="a">didaktika matematiky</subfield>
  </datafield>
  <datafield tag="655" ind1=" " ind2="7">
   <subfield code="a">sborníky</subfield>
   <subfield code="7">fd163935</subfield>
   <subfield code="2">czenas</subfield>
  </datafield>
  <datafield tag="650" ind1="0" ind2="9">
   <subfield code="a">mathematics</subfield>
   <subfield code="2">eczenas</subfield>
  </datafield>
  <datafield tag="650" ind1="0" ind2="9">
   <subfield code="a">teaching school subjects</subfield>
   <subfield code="2">eczenas</subfield>
  </datafield>
  <datafield tag="710" ind1="2" ind2=" ">
   <subfield code="a">Vysoká škola ekonomická v Praze.</subfield>
   <subfield code="b">Katedra matematiky</subfield>
   <subfield code="7">vse2005279120</subfield>
  </datafield>
  <datafield tag="993" ind1=" " ind2=" ">
   <subfield code="a">002625806</subfield>
  </datafield>
  <datafield tag="910" ind1=" " ind2=" ">
   <subfield code="a">ABA006</subfield>
   <subfield code="b">E31985</subfield>
   <subfield code="b">E32432</subfield>
   <subfield code="b">F204764</subfield>
   <subfield code="b">F177111</subfield>
   <subfield code="b">F184402</subfield>
   <subfield code="b">F204765</subfield>
   <subfield code="b">F184974</subfield>
   <subfield code="b">F187594</subfield>
   <subfield code="b">F184997</subfield>
   <subfield code="b">F204766</subfield>
   <subfield code="b">F204767</subfield>
   <subfield code="b">F189939</subfield>
   <subfield code="b">F204768</subfield>
   <subfield code="b">F204769</subfield>
   <subfield code="b">F204777</subfield>
   <subfield code="b">E45557</subfield>
   <subfield code="b">F204778</subfield>
   <subfield code="b">F204779</subfield>
   <subfield code="b">F207184</subfield>
   <subfield code="b">F225836</subfield>
   <subfield code="b">F225837</subfield>
   <subfield code="b">F225838</subfield>
   <subfield code="b">F225839</subfield>
   <subfield code="b">F225840</subfield>
   <subfield code="b">F231890</subfield>
   <subfield code="b">F231891</subfield>
   <subfield code="b">F231892</subfield>
   <subfield code="b">F234530</subfield>
   <subfield code="r">1993-2022-2024</subfield>
   <subfield code="t">n</subfield>
  </datafield>
  <datafield tag="996" ind1=" " ind2=" ">
   <subfield code="1">PDPZ0</subfield>
   <subfield code="3">E31985</subfield>
   <subfield code="4">PC=1078/94</subfield>
   <subfield code="5">3142040099</subfield>
   <subfield code="7">Roč. 1, 1993</subfield>
   <subfield code="8">20030807</subfield>
   <subfield code="9">51VŠE</subfield>
   <subfield code="a">1993</subfield>
   <subfield code="b">1</subfield>
   <subfield code="f">81</subfield>
   <subfield code="h">Roč. 1, 1993</subfield>
   <subfield code="l">UEP01</subfield>
   <subfield code="m">BOOK</subfield>
   <subfield code="q">Knihovna Žižkov depoz. 0</subfield>
   <subfield code="t">na 1 měsíc</subfield>
   <subfield code="u">UEP01</subfield>
   <subfield code="w">20060531</subfield>
  </datafield>
  <datafield tag="996" ind1=" " ind2=" ">
   <subfield code="1">PDPZ0</subfield>
   <subfield code="3">E32432</subfield>
   <subfield code="5">3142011753</subfield>
   <subfield code="7">Roč. 3, 1995</subfield>
   <subfield code="8">20030807</subfield>
   <subfield code="9">51MUN</subfield>
   <subfield code="a">1995</subfield>
   <subfield code="b">3</subfield>
   <subfield code="f">81</subfield>
   <subfield code="h">Roč. 3, 1995</subfield>
   <subfield code="l">UEP01</subfield>
   <subfield code="m">BOOK</subfield>
   <subfield code="q">Knihovna Žižkov depoz. 0</subfield>
   <subfield code="t">na 1 měsíc</subfield>
   <subfield code="u">UEP01</subfield>
   <subfield code="w">20060531</subfield>
  </datafield>
  <datafield tag="996" ind1=" " ind2=" ">
   <subfield code="1">PDPZ0</subfield>
   <subfield code="3">E32432b</subfield>
   <subfield code="5">3142011755</subfield>
   <subfield code="7">Roč. 3, 1995</subfield>
   <subfield code="8">20030807</subfield>
   <subfield code="9">51MUN</subfield>
   <subfield code="a">1995</subfield>
   <subfield code="b">3</subfield>
   <subfield code="f">81</subfield>
   <subfield code="h">Roč. 3, 1995</subfield>
   <subfield code="l">UEP01</subfield>
   <subfield code="m">BOOK</subfield>
   <subfield code="q">Knihovna Žižkov depoz. 0</subfield>
   <subfield code="t">na 1 měsíc</subfield>
   <subfield code="u">UEP01</subfield>
   <subfield code="w">20030918</subfield>
  </datafield>
  <datafield tag="996" ind1=" " ind2=" ">
   <subfield code="1">PDPZ0</subfield>
   <subfield code="3">E32432c</subfield>
   <subfield code="5">3142011756</subfield>
   <subfield code="7">Roč. 3, 1995</subfield>
   <subfield code="8">20030807</subfield>
   <subfield code="9">51MUN</subfield>
   <subfield code="a">1995</subfield>
   <subfield code="b">3</subfield>
   <subfield code="f">81</subfield>
   <subfield code="h">Roč. 3, 1995</subfield>
   <subfield code="l">UEP01</subfield>
   <subfield code="m">BOOK</subfield>
   <subfield code="q">Knihovna Žižkov depoz. 0</subfield>
   <subfield code="t">na 1 měsíc</subfield>
   <subfield code="u">UEP01</subfield>
   <subfield code="w">20030918</subfield>
  </datafield>
  <datafield tag="996" ind1=" " ind2=" ">
   <subfield code="1">PDPZ0</subfield>
   <subfield code="3">E32432d</subfield>
   <subfield code="5">3142011757</subfield>
   <subfield code="7">Roč. 3, 1995</subfield>
   <subfield code="8">20030807</subfield>
   <subfield code="9">51MUN</subfield>
   <subfield code="a">1995</subfield>
   <subfield code="b">3</subfield>
   <subfield code="f">81</subfield>
   <subfield code="h">Roč. 3, 1995</subfield>
   <subfield code="l">UEP01</subfield>
   <subfield code="m">BOOK</subfield>
   <subfield code="q">Knihovna Žižkov depoz. 0</subfield>
   <subfield code="t">na 1 měsíc</subfield>
   <subfield code="u">UEP01</subfield>
   <subfield code="w">20030918</subfield>
  </datafield>
  <datafield tag="996" ind1=" " ind2=" ">
   <subfield code="1">PDPZ2</subfield>
   <subfield code="3">F184974a</subfield>
   <subfield code="5">3142150122</subfield>
   <subfield code="7">Roč. 9, 2001</subfield>
   <subfield code="8">20030807</subfield>
   <subfield code="9">51MUN</subfield>
   <subfield code="a">2001</subfield>
   <subfield code="b">9</subfield>
   <subfield code="f">81</subfield>
   <subfield code="h">Roč. 9, 2001</subfield>
   <subfield code="l">UEP01</subfield>
   <subfield code="m">BOOK</subfield>
   <subfield code="q">Knihovna Žižkov depoz. 2</subfield>
   <subfield code="t">na 1 měsíc</subfield>
   <subfield code="u">UEP01</subfield>
   <subfield code="w">20030918</subfield>
  </datafield>
  <datafield tag="996" ind1=" " ind2=" ">
   <subfield code="1">PDPZ2</subfield>
   <subfield code="3">F184997a</subfield>
   <subfield code="5">3142150121</subfield>
   <subfield code="7">Roč. 10, 2002/1</subfield>
   <subfield code="8">20030807</subfield>
   <subfield code="9">51MUN</subfield>
   <subfield code="a">2002</subfield>
   <subfield code="b">10</subfield>
   <subfield code="c">1</subfield>
   <subfield code="f">81</subfield>
   <subfield code="h">Roč. 10, 2002/1</subfield>
   <subfield code="l">UEP01</subfield>
   <subfield code="m">BOOK</subfield>
   <subfield code="q">Knihovna Žižkov depoz. 2</subfield>
   <subfield code="t">na 1 měsíc</subfield>
   <subfield code="u">UEP01</subfield>
   <subfield code="w">20030918</subfield>
  </datafield>
  <datafield tag="996" ind1=" " ind2=" ">
   <subfield code="1">PDPZ2</subfield>
   <subfield code="3">F187594</subfield>
   <subfield code="5">3142170415</subfield>
   <subfield code="7">Roč. 10, 2002/2</subfield>
   <subfield code="8">20030807</subfield>
   <subfield code="9">51MUN</subfield>
   <subfield code="a">2002</subfield>
   <subfield code="b">10</subfield>
   <subfield code="c">2</subfield>
   <subfield code="f">81</subfield>
   <subfield code="h">Roč. 10, 2002/2</subfield>
   <subfield code="l">UEP01</subfield>
   <subfield code="m">BOOK</subfield>
   <subfield code="q">Knihovna Žižkov depoz. 2</subfield>
   <subfield code="t">na 1 měsíc</subfield>
   <subfield code="u">UEP01</subfield>
   <subfield code="w">20030918</subfield>
  </datafield>
  <datafield tag="996" ind1=" " ind2=" ">
   <subfield code="1">PDPZ2</subfield>
   <subfield code="3">F187594b</subfield>
   <subfield code="5">3142170417</subfield>
   <subfield code="7">Roč. 10, 2002/2</subfield>
   <subfield code="8">20030807</subfield>
   <subfield code="9">51MUN</subfield>
   <subfield code="a">2002</subfield>
   <subfield code="b">10</subfield>
   <subfield code="c">2</subfield>
   <subfield code="f">81</subfield>
   <subfield code="h">Roč. 10, 2002/2</subfield>
   <subfield code="l">UEP01</subfield>
   <subfield code="m">BOOK</subfield>
   <subfield code="q">Knihovna Žižkov depoz. 2</subfield>
   <subfield code="t">na 1 měsíc</subfield>
   <subfield code="u">UEP01</subfield>
   <subfield code="w">20030918</subfield>
  </datafield>
  <datafield tag="996" ind1=" " ind2=" ">
   <subfield code="1">PDPZ2</subfield>
   <subfield code="3">F188939</subfield>
   <subfield code="4">N:G</subfield>
   <subfield code="5">3142177073</subfield>
   <subfield code="7">Roč. 11, 2003/1</subfield>
   <subfield code="8">20040308</subfield>
   <subfield code="9">51MUN</subfield>
   <subfield code="a">2003</subfield>
   <subfield code="b">11</subfield>
   <subfield code="c">1</subfield>
   <subfield code="f">81</subfield>
   <subfield code="h">Roč. 11, 2003/1</subfield>
   <subfield code="l">UEP01</subfield>
   <subfield code="m">BOOK</subfield>
   <subfield code="q">Knihovna Žižkov depoz. 2</subfield>
   <subfield code="t">na 1 měsíc</subfield>
   <subfield code="u">UEP01</subfield>
   <subfield code="w">20040416</subfield>
  </datafield>
  <datafield tag="996" ind1=" " ind2=" ">
   <subfield code="1">PDPZ2</subfield>
   <subfield code="3">F188939b</subfield>
   <subfield code="4">N:G</subfield>
   <subfield code="5">3142177075</subfield>
   <subfield code="7">Roč. 11, 2003/1</subfield>
   <subfield code="8">20040308</subfield>
   <subfield code="9">51MUN</subfield>
   <subfield code="a">2003</subfield>
   <subfield code="b">11</subfield>
   <subfield code="c">1</subfield>
   <subfield code="f">81</subfield>
   <subfield code="h">Roč. 11, 2003/1</subfield>
   <subfield code="l">UEP01</subfield>
   <subfield code="m">BOOK</subfield>
   <subfield code="q">Knihovna Žižkov depoz. 2</subfield>
   <subfield code="t">na 1 měsíc</subfield>
   <subfield code="u">UEP01</subfield>
   <subfield code="w">20040416</subfield>
  </datafield>
  <datafield tag="996" ind1=" " ind2=" ">
   <subfield code="1">PJMSK</subfield>
   <subfield code="3">E31985b</subfield>
   <subfield code="4">N:G</subfield>
   <subfield code="5">3142264869</subfield>
   <subfield code="7">Roč. 1, 1993</subfield>
   <subfield code="8">20130313</subfield>
   <subfield code="9">51VŠE</subfield>
   <subfield code="a">1993</subfield>
   <subfield code="b">1</subfield>
   <subfield code="f">81</subfield>
   <subfield code="h">Roč. 1, 1993</subfield>
   <subfield code="l">UEP01</subfield>
   <subfield code="m">BOOK</subfield>
   <subfield code="q">Knihovna JM - sklad</subfield>
   <subfield code="t">na 1 měsíc</subfield>
   <subfield code="u">UEP01</subfield>
   <subfield code="w">20130410</subfield>
  </datafield>
  <datafield tag="996" ind1=" " ind2=" ">
   <subfield code="1">PJMSK</subfield>
   <subfield code="3">E32432a</subfield>
   <subfield code="5">3142011754</subfield>
   <subfield code="7">Roč. 3, 1995</subfield>
   <subfield code="8">20030807</subfield>
   <subfield code="9">51MUN</subfield>
   <subfield code="a">1995</subfield>
   <subfield code="b">3</subfield>
   <subfield code="f">81</subfield>
   <subfield code="h">Roč. 3, 1995</subfield>
   <subfield code="l">UEP01</subfield>
   <subfield code="m">BOOK</subfield>
   <subfield code="q">Knihovna JM - sklad</subfield>
   <subfield code="t">na 1 měsíc</subfield>
   <subfield code="u">UEP01</subfield>
   <subfield code="w">20030918</subfield>
  </datafield>
  <datafield tag="996" ind1=" " ind2=" ">
   <subfield code="1">PJMSK</subfield>
   <subfield code="3">E45558a</subfield>
   <subfield code="4">N:G</subfield>
   <subfield code="5">3142264870</subfield>
   <subfield code="7">Roč. 2, 1994</subfield>
   <subfield code="8">20130313</subfield>
   <subfield code="9">51VŠE</subfield>
   <subfield code="a">1994</subfield>
   <subfield code="b">2</subfield>
   <subfield code="f">81</subfield>
   <subfield code="h">Roč. 2, 1994</subfield>
   <subfield code="l">UEP01</subfield>
   <subfield code="m">BOOK</subfield>
   <subfield code="q">Knihovna JM - sklad</subfield>
   <subfield code="t">na 1 měsíc</subfield>
   <subfield code="u">UEP01</subfield>
   <subfield code="w">20130404</subfield>
  </datafield>
  <datafield tag="996" ind1=" " ind2=" ">
   <subfield code="1">PJMSK</subfield>
   <subfield code="3">F177111</subfield>
   <subfield code="5">3142088296</subfield>
   <subfield code="7">Roč. 5, 1997</subfield>
   <subfield code="8">20030807</subfield>
   <subfield code="9">51MUN</subfield>
   <subfield code="a">1997</subfield>
   <subfield code="b">5</subfield>
   <subfield code="f">81</subfield>
   <subfield code="h">Roč. 5, 1997</subfield>
   <subfield code="l">UEP01</subfield>
   <subfield code="m">BOOK</subfield>
   <subfield code="q">Knihovna JM - sklad</subfield>
   <subfield code="t">na 1 měsíc</subfield>
   <subfield code="u">UEP01</subfield>
   <subfield code="w">20030918</subfield>
  </datafield>
  <datafield tag="996" ind1=" " ind2=" ">
   <subfield code="1">PJMSK</subfield>
   <subfield code="3">F177111b</subfield>
   <subfield code="5">3142088298</subfield>
   <subfield code="7">Roč. 5, 1997</subfield>
   <subfield code="8">20030807</subfield>
   <subfield code="9">51MUN</subfield>
   <subfield code="a">1997</subfield>
   <subfield code="b">5</subfield>
   <subfield code="f">81</subfield>
   <subfield code="h">Roč. 5, 1997</subfield>
   <subfield code="l">UEP01</subfield>
   <subfield code="m">BOOK</subfield>
   <subfield code="q">Knihovna JM - sklad</subfield>
   <subfield code="t">na 1 měsíc</subfield>
   <subfield code="u">UEP01</subfield>
   <subfield code="w">20030918</subfield>
  </datafield>
  <datafield tag="996" ind1=" " ind2=" ">
   <subfield code="1">PJMSK</subfield>
   <subfield code="3">F184402</subfield>
   <subfield code="5">3142146024</subfield>
   <subfield code="7">Roč. 6, 1998</subfield>
   <subfield code="8">20030807</subfield>
   <subfield code="9">51MUN</subfield>
   <subfield code="a">1998</subfield>
   <subfield code="b">6</subfield>
   <subfield code="f">81</subfield>
   <subfield code="h">Roč. 6, 1998</subfield>
   <subfield code="l">UEP01</subfield>
   <subfield code="m">BOOK</subfield>
   <subfield code="q">Knihovna JM - sklad</subfield>
   <subfield code="t">na 1 měsíc</subfield>
   <subfield code="u">UEP01</subfield>
   <subfield code="w">20030918</subfield>
  </datafield>
  <datafield tag="996" ind1=" " ind2=" ">
   <subfield code="1">PJMSK</subfield>
   <subfield code="3">F184402a</subfield>
   <subfield code="5">3142146025</subfield>
   <subfield code="7">Roč. 6, 1998</subfield>
   <subfield code="8">20030807</subfield>
   <subfield code="9">51MUN</subfield>
   <subfield code="a">1998</subfield>
   <subfield code="b">6</subfield>
   <subfield code="f">81</subfield>
   <subfield code="h">Roč. 6, 1998</subfield>
   <subfield code="l">UEP01</subfield>
   <subfield code="m">BOOK</subfield>
   <subfield code="q">Knihovna JM - sklad</subfield>
   <subfield code="t">na 1 měsíc</subfield>
   <subfield code="u">UEP01</subfield>
   <subfield code="w">20030918</subfield>
  </datafield>
  <datafield tag="996" ind1=" " ind2=" ">
   <subfield code="1">PJMSK</subfield>
   <subfield code="3">F184974</subfield>
   <subfield code="5">3142150119</subfield>
   <subfield code="7">Roč. 9, 2001</subfield>
   <subfield code="8">20030807</subfield>
   <subfield code="9">51MUN</subfield>
   <subfield code="a">2001</subfield>
   <subfield code="b">9</subfield>
   <subfield code="f">81</subfield>
   <subfield code="h">Roč. 9, 2001</subfield>
   <subfield code="l">UEP01</subfield>
   <subfield code="m">BOOK</subfield>
   <subfield code="q">Knihovna JM - sklad</subfield>
   <subfield code="t">na 1 měsíc</subfield>
   <subfield code="u">UEP01</subfield>
   <subfield code="w">20030918</subfield>
  </datafield>
  <datafield tag="996" ind1=" " ind2=" ">
   <subfield code="1">PJMSK</subfield>
   <subfield code="3">F184997</subfield>
   <subfield code="5">3142150120</subfield>
   <subfield code="7">Roč. 10, 2002/1</subfield>
   <subfield code="8">20030807</subfield>
   <subfield code="9">51MUN</subfield>
   <subfield code="a">2002</subfield>
   <subfield code="b">10</subfield>
   <subfield code="c">1</subfield>
   <subfield code="f">81</subfield>
   <subfield code="h">Roč. 10, 2002/1</subfield>
   <subfield code="l">UEP01</subfield>
   <subfield code="m">BOOK</subfield>
   <subfield code="q">Knihovna JM - sklad</subfield>
   <subfield code="t">na 1 měsíc</subfield>
   <subfield code="u">UEP01</subfield>
   <subfield code="w">20030918</subfield>
  </datafield>
  <datafield tag="996" ind1=" " ind2=" ">
   <subfield code="1">PJMSK</subfield>
   <subfield code="3">F187594a</subfield>
   <subfield code="5">3142170416</subfield>
   <subfield code="7">Roč. 10, 2002/2</subfield>
   <subfield code="8">20030807</subfield>
   <subfield code="9">51MUN</subfield>
   <subfield code="a">2002</subfield>
   <subfield code="b">10</subfield>
   <subfield code="c">2</subfield>
   <subfield code="f">81</subfield>
   <subfield code="h">Roč. 10, 2002/2</subfield>
   <subfield code="l">UEP01</subfield>
   <subfield code="m">BOOK</subfield>
   <subfield code="q">Knihovna JM - sklad</subfield>
   <subfield code="t">na 1 měsíc</subfield>
   <subfield code="u">UEP01</subfield>
   <subfield code="w">20030918</subfield>
  </datafield>
  <datafield tag="996" ind1=" " ind2=" ">
   <subfield code="1">PJMSK</subfield>
   <subfield code="3">F188939a</subfield>
   <subfield code="4">N:G</subfield>
   <subfield code="5">3142177074</subfield>
   <subfield code="7">Roč. 11, 2003/1</subfield>
   <subfield code="8">20040308</subfield>
   <subfield code="9">51MUN</subfield>
   <subfield code="a">2003</subfield>
   <subfield code="b">11</subfield>
   <subfield code="c">1</subfield>
   <subfield code="f">81</subfield>
   <subfield code="h">Roč. 11, 2003/1</subfield>
   <subfield code="l">UEP01</subfield>
   <subfield code="m">BOOK</subfield>
   <subfield code="q">Knihovna JM - sklad</subfield>
   <subfield code="t">na 1 měsíc</subfield>
   <subfield code="u">UEP01</subfield>
   <subfield code="w">20040416</subfield>
  </datafield>
  <datafield tag="996" ind1=" " ind2=" ">
   <subfield code="1">PKMAT</subfield>
   <subfield code="3">E31985a</subfield>
   <subfield code="4">N:náhrada</subfield>
   <subfield code="5">3142238017</subfield>
   <subfield code="7">Roč. 1, 1993</subfield>
   <subfield code="8">20100629</subfield>
   <subfield code="9">51VŠE</subfield>
   <subfield code="a">1993</subfield>
   <subfield code="b">1</subfield>
   <subfield code="f">83</subfield>
   <subfield code="h">Roč. 1, 1993</subfield>
   <subfield code="l">UEP01</subfield>
   <subfield code="m">BOOK</subfield>
   <subfield code="q">KMAT</subfield>
   <subfield code="t">na dislokovaném</subfield>
   <subfield code="u">UEP01</subfield>
   <subfield code="w">20100629</subfield>
  </datafield>
  <datafield tag="996" ind1=" " ind2=" ">
   <subfield code="1">PKMAT</subfield>
   <subfield code="3">E32432e</subfield>
   <subfield code="4">N:náhrada</subfield>
   <subfield code="5">3142238463</subfield>
   <subfield code="7">Roč. 3, 1995</subfield>
   <subfield code="8">20100628</subfield>
   <subfield code="9">51MUN</subfield>
   <subfield code="a">1995</subfield>
   <subfield code="b">3</subfield>
   <subfield code="f">83</subfield>
   <subfield code="h">Roč. 3, 1995</subfield>
   <subfield code="l">UEP01</subfield>
   <subfield code="m">BOOK</subfield>
   <subfield code="q">KMAT</subfield>
   <subfield code="t">na dislokovaném</subfield>
   <subfield code="u">UEP01</subfield>
   <subfield code="w">20100628</subfield>
  </datafield>
  <datafield tag="996" ind1=" " ind2=" ">
   <subfield code="1">PKMAT</subfield>
   <subfield code="3">E45557</subfield>
   <subfield code="4">N:náhrada</subfield>
   <subfield code="5">3142238016</subfield>
   <subfield code="7">Roč. 15, 2007</subfield>
   <subfield code="8">20100630</subfield>
   <subfield code="9">51MUN</subfield>
   <subfield code="a">2007</subfield>
   <subfield code="b">15</subfield>
   <subfield code="f">83</subfield>
   <subfield code="h">Roč. 15, 2007</subfield>
   <subfield code="l">UEP01</subfield>
   <subfield code="m">BOOK</subfield>
   <subfield code="q">KMAT</subfield>
   <subfield code="t">na dislokovaném</subfield>
   <subfield code="u">UEP01</subfield>
   <subfield code="w">20100630</subfield>
  </datafield>
  <datafield tag="996" ind1=" " ind2=" ">
   <subfield code="1">PKMAT</subfield>
   <subfield code="3">E45558</subfield>
   <subfield code="4">N:náhrada</subfield>
   <subfield code="5">3142238015</subfield>
   <subfield code="7">Roč. 2, 1994</subfield>
   <subfield code="8">20100630</subfield>
   <subfield code="9">51VŠE</subfield>
   <subfield code="a">1994</subfield>
   <subfield code="b">2</subfield>
   <subfield code="f">83</subfield>
   <subfield code="h">Roč. 2, 1994</subfield>
   <subfield code="l">UEP01</subfield>
   <subfield code="m">BOOK</subfield>
   <subfield code="q">KMAT</subfield>
   <subfield code="t">na dislokovaném</subfield>
   <subfield code="u">UEP01</subfield>
   <subfield code="w">20100630</subfield>
  </datafield>
  <datafield tag="996" ind1=" " ind2=" ">
   <subfield code="1">PKMAT</subfield>
   <subfield code="3">F177111c</subfield>
   <subfield code="4">N:náhrada</subfield>
   <subfield code="5">3142238464</subfield>
   <subfield code="7">Roč. 5, 1997</subfield>
   <subfield code="8">20100628</subfield>
   <subfield code="9">51MUN</subfield>
   <subfield code="a">1997</subfield>
   <subfield code="b">5</subfield>
   <subfield code="f">83</subfield>
   <subfield code="h">Roč. 5, 1997</subfield>
   <subfield code="l">UEP01</subfield>
   <subfield code="m">BOOK</subfield>
   <subfield code="q">KMAT</subfield>
   <subfield code="t">na dislokovaném</subfield>
   <subfield code="u">UEP01</subfield>
   <subfield code="w">20100628</subfield>
  </datafield>
  <datafield tag="996" ind1=" " ind2=" ">
   <subfield code="1">PKMAT</subfield>
   <subfield code="3">F184402f</subfield>
   <subfield code="4">N:náhrada</subfield>
   <subfield code="5">3142238468</subfield>
   <subfield code="7">Roč. 6, 1998</subfield>
   <subfield code="8">20100628</subfield>
   <subfield code="9">51MUN</subfield>
   <subfield code="a">1998</subfield>
   <subfield code="b">6</subfield>
   <subfield code="f">83</subfield>
   <subfield code="h">Roč. 6, 1998</subfield>
   <subfield code="l">UEP01</subfield>
   <subfield code="m">BOOK</subfield>
   <subfield code="q">KMAT</subfield>
   <subfield code="t">na dislokovaném</subfield>
   <subfield code="u">UEP01</subfield>
   <subfield code="w">20100628</subfield>
  </datafield>
  <datafield tag="996" ind1=" " ind2=" ">
   <subfield code="1">PKMAT</subfield>
   <subfield code="3">F184974b</subfield>
   <subfield code="4">N:náhrada</subfield>
   <subfield code="5">3142238467</subfield>
   <subfield code="7">Roč. 9, 2001</subfield>
   <subfield code="8">20100628</subfield>
   <subfield code="9">51MUN</subfield>
   <subfield code="a">2001</subfield>
   <subfield code="b">9</subfield>
   <subfield code="f">83</subfield>
   <subfield code="h">Roč. 9, 2001</subfield>
   <subfield code="l">UEP01</subfield>
   <subfield code="m">BOOK</subfield>
   <subfield code="q">KMAT</subfield>
   <subfield code="t">na dislokovaném</subfield>
   <subfield code="u">UEP01</subfield>
   <subfield code="w">20100628</subfield>
  </datafield>
  <datafield tag="996" ind1=" " ind2=" ">
   <subfield code="1">PKMAT</subfield>
   <subfield code="3">F187594c</subfield>
   <subfield code="4">N:náhrada</subfield>
   <subfield code="5">3142238465</subfield>
   <subfield code="7">Roč. 10, 2002/2</subfield>
   <subfield code="8">20100628</subfield>
   <subfield code="9">51MUN</subfield>
   <subfield code="a">2002</subfield>
   <subfield code="b">10</subfield>
   <subfield code="c">2</subfield>
   <subfield code="f">83</subfield>
   <subfield code="h">Roč. 10, 2002/2</subfield>
   <subfield code="l">UEP01</subfield>
   <subfield code="m">BOOK</subfield>
   <subfield code="q">KMAT</subfield>
   <subfield code="t">na dislokovaném</subfield>
   <subfield code="u">UEP01</subfield>
   <subfield code="w">20100628</subfield>
  </datafield>
  <datafield tag="996" ind1=" " ind2=" ">
   <subfield code="1">PKMAT</subfield>
   <subfield code="3">F188939c</subfield>
   <subfield code="4">N:náhrada</subfield>
   <subfield code="5">3142238466</subfield>
   <subfield code="7">Roč. 11, 2003/1</subfield>
   <subfield code="8">20100628</subfield>
   <subfield code="9">51MUN</subfield>
   <subfield code="a">2003</subfield>
   <subfield code="b">11</subfield>
   <subfield code="c">1</subfield>
   <subfield code="f">83</subfield>
   <subfield code="h">Roč. 11, 2003/1</subfield>
   <subfield code="l">UEP01</subfield>
   <subfield code="m">BOOK</subfield>
   <subfield code="q">KMAT</subfield>
   <subfield code="t">na dislokovaném</subfield>
   <subfield code="u">UEP01</subfield>
   <subfield code="w">20100628</subfield>
  </datafield>
  <datafield tag="996" ind1=" " ind2=" ">
   <subfield code="1">PKMAT</subfield>
   <subfield code="3">F204764</subfield>
   <subfield code="4">N:náhrada</subfield>
   <subfield code="5">3142238469</subfield>
   <subfield code="7">Roč. 4, 1996</subfield>
   <subfield code="8">20100629</subfield>
   <subfield code="9">51MUN</subfield>
   <subfield code="a">1996</subfield>
   <subfield code="b">4</subfield>
   <subfield code="f">83</subfield>
   <subfield code="h">Roč. 4, 1996</subfield>
   <subfield code="l">UEP01</subfield>
   <subfield code="m">BOOK</subfield>
   <subfield code="q">KMAT</subfield>
   <subfield code="t">na dislokovaném</subfield>
   <subfield code="u">UEP01</subfield>
   <subfield code="w">20100630</subfield>
  </datafield>
  <datafield tag="996" ind1=" " ind2=" ">
   <subfield code="1">PKMAT</subfield>
   <subfield code="3">F204765</subfield>
   <subfield code="4">N:náhrada</subfield>
   <subfield code="5">3142238477</subfield>
   <subfield code="7">Roč. 7, 1999</subfield>
   <subfield code="8">20100629</subfield>
   <subfield code="9">51MUN</subfield>
   <subfield code="a">1999</subfield>
   <subfield code="b">7</subfield>
   <subfield code="f">83</subfield>
   <subfield code="h">Roč. 7, 1999</subfield>
   <subfield code="l">UEP01</subfield>
   <subfield code="m">BOOK</subfield>
   <subfield code="q">KMAT</subfield>
   <subfield code="t">na dislokovaném</subfield>
   <subfield code="u">UEP01</subfield>
   <subfield code="w">20100630</subfield>
  </datafield>
  <datafield tag="996" ind1=" " ind2=" ">
   <subfield code="1">PKMAT</subfield>
   <subfield code="3">F204766</subfield>
   <subfield code="4">N:náhrada</subfield>
   <subfield code="5">3142238470</subfield>
   <subfield code="7">Roč. 8, 2000</subfield>
   <subfield code="8">20100629</subfield>
   <subfield code="9">51MUN</subfield>
   <subfield code="a">2000</subfield>
   <subfield code="b">8</subfield>
   <subfield code="f">83</subfield>
   <subfield code="h">Roč. 8, 2000</subfield>
   <subfield code="l">UEP01</subfield>
   <subfield code="m">BOOK</subfield>
   <subfield code="q">KMAT</subfield>
   <subfield code="t">na dislokovaném</subfield>
   <subfield code="u">UEP01</subfield>
   <subfield code="w">20100630</subfield>
  </datafield>
  <datafield tag="996" ind1=" " ind2=" ">
   <subfield code="1">PKMAT</subfield>
   <subfield code="3">F204767</subfield>
   <subfield code="4">N:náhrada</subfield>
   <subfield code="5">3142238471</subfield>
   <subfield code="7">Roč. 11, 2003/2</subfield>
   <subfield code="8">20100629</subfield>
   <subfield code="9">51MUN</subfield>
   <subfield code="a">2003</subfield>
   <subfield code="b">11</subfield>
   <subfield code="c">2</subfield>
   <subfield code="f">83</subfield>
   <subfield code="h">Roč. 11, 2003/2</subfield>
   <subfield code="l">UEP01</subfield>
   <subfield code="m">BOOK</subfield>
   <subfield code="q">KMAT</subfield>
   <subfield code="t">na dislokovaném</subfield>
   <subfield code="u">UEP01</subfield>
   <subfield code="w">20100630</subfield>
  </datafield>
  <datafield tag="996" ind1=" " ind2=" ">
   <subfield code="1">PKMAT</subfield>
   <subfield code="3">F204768</subfield>
   <subfield code="4">N:náhrada</subfield>
   <subfield code="5">3142238472</subfield>
   <subfield code="7">Roč. 12, 2004</subfield>
   <subfield code="8">20100629</subfield>
   <subfield code="9">51MUN</subfield>
   <subfield code="a">2004</subfield>
   <subfield code="b">12</subfield>
   <subfield code="f">83</subfield>
   <subfield code="h">Roč. 12, 2004</subfield>
   <subfield code="l">UEP01</subfield>
   <subfield code="m">BOOK</subfield>
   <subfield code="q">KMAT</subfield>
   <subfield code="t">na dislokovaném</subfield>
   <subfield code="u">UEP01</subfield>
   <subfield code="w">20100630</subfield>
  </datafield>
  <datafield tag="996" ind1=" " ind2=" ">
   <subfield code="1">PKMAT</subfield>
   <subfield code="3">F204769</subfield>
   <subfield code="4">N:náhrada</subfield>
   <subfield code="5">3142238473</subfield>
   <subfield code="7">Roč. 13, 2005</subfield>
   <subfield code="8">20100629</subfield>
   <subfield code="9">51MUN</subfield>
   <subfield code="a">2005</subfield>
   <subfield code="b">13</subfield>
   <subfield code="f">83</subfield>
   <subfield code="h">Roč. 13, 2005</subfield>
   <subfield code="l">UEP01</subfield>
   <subfield code="m">BOOK</subfield>
   <subfield code="q">KMAT</subfield>
   <subfield code="t">na dislokovaném</subfield>
   <subfield code="u">UEP01</subfield>
   <subfield code="w">20100630</subfield>
  </datafield>
  <datafield tag="996" ind1=" " ind2=" ">
   <subfield code="1">PKMAT</subfield>
   <subfield code="3">F204777</subfield>
   <subfield code="4">N:náhrada</subfield>
   <subfield code="5">3142237109</subfield>
   <subfield code="7">Roč. 14, 2006</subfield>
   <subfield code="8">20100630</subfield>
   <subfield code="9">51MUN</subfield>
   <subfield code="a">2006</subfield>
   <subfield code="b">14</subfield>
   <subfield code="f">83</subfield>
   <subfield code="h">Roč. 14, 2006</subfield>
   <subfield code="l">UEP01</subfield>
   <subfield code="m">BOOK</subfield>
   <subfield code="q">KMAT</subfield>
   <subfield code="t">na dislokovaném</subfield>
   <subfield code="u">UEP01</subfield>
   <subfield code="w">20100630</subfield>
  </datafield>
  <datafield tag="996" ind1=" " ind2=" ">
   <subfield code="1">PKMAT</subfield>
   <subfield code="3">F204778</subfield>
   <subfield code="4">N:náhrada</subfield>
   <subfield code="5">3142237110</subfield>
   <subfield code="7">Roč. 16, 2008</subfield>
   <subfield code="8">20100630</subfield>
   <subfield code="9">51MUN</subfield>
   <subfield code="a">2008</subfield>
   <subfield code="b">16</subfield>
   <subfield code="f">83</subfield>
   <subfield code="h">Roč. 16, 2008</subfield>
   <subfield code="l">UEP01</subfield>
   <subfield code="m">BOOK</subfield>
   <subfield code="q">KMAT</subfield>
   <subfield code="t">na dislokovaném</subfield>
   <subfield code="u">UEP01</subfield>
   <subfield code="w">20100630</subfield>
  </datafield>
  <datafield tag="996" ind1=" " ind2=" ">
   <subfield code="1">PKMAT</subfield>
   <subfield code="3">F204779</subfield>
   <subfield code="4">N:náhrada</subfield>
   <subfield code="5">3142237111</subfield>
   <subfield code="7">Roč. 17, 2009</subfield>
   <subfield code="8">20100630</subfield>
   <subfield code="9">51MUN</subfield>
   <subfield code="a">2009</subfield>
   <subfield code="b">17</subfield>
   <subfield code="f">83</subfield>
   <subfield code="h">Roč. 17, 2009</subfield>
   <subfield code="l">UEP01</subfield>
   <subfield code="m">BOOK</subfield>
   <subfield code="q">KMAT</subfield>
   <subfield code="t">na dislokovaném</subfield>
   <subfield code="u">UEP01</subfield>
   <subfield code="w">20100630</subfield>
  </datafield>
  <datafield tag="996" ind1=" " ind2=" ">
   <subfield code="1">PKMAT</subfield>
   <subfield code="3">F207184</subfield>
   <subfield code="4">N:G</subfield>
   <subfield code="5">3142246402</subfield>
   <subfield code="7">Roč. 18, 2010</subfield>
   <subfield code="8">20110315</subfield>
   <subfield code="9">51MUN</subfield>
   <subfield code="a">2010</subfield>
   <subfield code="b">18</subfield>
   <subfield code="f">83</subfield>
   <subfield code="h">Roč. 18, 2010</subfield>
   <subfield code="l">UEP01</subfield>
   <subfield code="m">BOOK</subfield>
   <subfield code="q">KMAT</subfield>
   <subfield code="t">na dislokovaném</subfield>
   <subfield code="u">UEP01</subfield>
   <subfield code="w">20110315</subfield>
  </datafield>
  <datafield tag="996" ind1=" " ind2=" ">
   <subfield code="1">PSKLA</subfield>
   <subfield code="3">E45557a</subfield>
   <subfield code="4">N:G</subfield>
   <subfield code="5">3142300618</subfield>
   <subfield code="7">Roč. 15, 2007</subfield>
   <subfield code="8">20170529</subfield>
   <subfield code="9">51MUN</subfield>
   <subfield code="a">2007</subfield>
   <subfield code="b">15</subfield>
   <subfield code="f">81</subfield>
   <subfield code="h">Roč. 15, 2007</subfield>
   <subfield code="l">UEP01</subfield>
   <subfield code="m">BOOK</subfield>
   <subfield code="q">Knihovna Žižkov - sklad</subfield>
   <subfield code="t">na 1 měsíc</subfield>
   <subfield code="u">UEP01</subfield>
   <subfield code="w">20170529</subfield>
  </datafield>
  <datafield tag="996" ind1=" " ind2=" ">
   <subfield code="1">PSKLA</subfield>
   <subfield code="3">E45558b</subfield>
   <subfield code="4">N:náhrada</subfield>
   <subfield code="5">3142286871</subfield>
   <subfield code="7">Roč. 2, 1994</subfield>
   <subfield code="8">20160106</subfield>
   <subfield code="9">51VŠE</subfield>
   <subfield code="a">1994</subfield>
   <subfield code="b">2</subfield>
   <subfield code="f">81</subfield>
   <subfield code="h">Roč. 2, 1994</subfield>
   <subfield code="l">UEP01</subfield>
   <subfield code="m">BOOK</subfield>
   <subfield code="q">Knihovna Žižkov - sklad</subfield>
   <subfield code="t">na 1 měsíc</subfield>
   <subfield code="u">UEP01</subfield>
   <subfield code="w">20160106</subfield>
  </datafield>
  <datafield tag="996" ind1=" " ind2=" ">
   <subfield code="1">PSKLA</subfield>
   <subfield code="3">F204766a</subfield>
   <subfield code="4">N:G</subfield>
   <subfield code="5">3142300612</subfield>
   <subfield code="7">Roč. 8, 2000</subfield>
   <subfield code="8">20170529</subfield>
   <subfield code="9">51MUN</subfield>
   <subfield code="a">2000</subfield>
   <subfield code="b">8</subfield>
   <subfield code="f">81</subfield>
   <subfield code="h">Roč. 8, 2000</subfield>
   <subfield code="l">UEP01</subfield>
   <subfield code="m">BOOK</subfield>
   <subfield code="q">Knihovna Žižkov - sklad</subfield>
   <subfield code="t">na 1 měsíc</subfield>
   <subfield code="u">UEP01</subfield>
   <subfield code="w">20170529</subfield>
  </datafield>
  <datafield tag="996" ind1=" " ind2=" ">
   <subfield code="1">PSKLA</subfield>
   <subfield code="3">F204766b</subfield>
   <subfield code="4">N:G</subfield>
   <subfield code="5">3142300609</subfield>
   <subfield code="7">Roč. 8, 2000</subfield>
   <subfield code="8">20170529</subfield>
   <subfield code="9">51MUN</subfield>
   <subfield code="a">2000</subfield>
   <subfield code="b">8</subfield>
   <subfield code="f">81</subfield>
   <subfield code="h">Roč. 8, 2000</subfield>
   <subfield code="l">UEP01</subfield>
   <subfield code="m">BOOK</subfield>
   <subfield code="q">Knihovna Žižkov - sklad</subfield>
   <subfield code="t">na 1 měsíc</subfield>
   <subfield code="u">UEP01</subfield>
   <subfield code="w">20170529</subfield>
  </datafield>
  <datafield tag="996" ind1=" " ind2=" ">
   <subfield code="1">PSKLA</subfield>
   <subfield code="3">F204767a</subfield>
   <subfield code="4">N:G</subfield>
   <subfield code="5">3142300610</subfield>
   <subfield code="7">Roč. 11, 2003/2</subfield>
   <subfield code="8">20170529</subfield>
   <subfield code="9">51MUN</subfield>
   <subfield code="a">2003</subfield>
   <subfield code="b">11</subfield>
   <subfield code="c">2</subfield>
   <subfield code="f">81</subfield>
   <subfield code="h">Roč. 11, 2003/2</subfield>
   <subfield code="l">UEP01</subfield>
   <subfield code="m">BOOK</subfield>
   <subfield code="q">Knihovna Žižkov - sklad</subfield>
   <subfield code="t">na 1 měsíc</subfield>
   <subfield code="u">UEP01</subfield>
   <subfield code="w">20170529</subfield>
  </datafield>
  <datafield tag="996" ind1=" " ind2=" ">
   <subfield code="1">PSKLA</subfield>
   <subfield code="3">F204768a</subfield>
   <subfield code="4">N:náhrada</subfield>
   <subfield code="5">3142285859</subfield>
   <subfield code="7">Roč. 12, 2004</subfield>
   <subfield code="8">20160104</subfield>
   <subfield code="9">51MUN</subfield>
   <subfield code="a">2004</subfield>
   <subfield code="b">12</subfield>
   <subfield code="f">81</subfield>
   <subfield code="h">Roč. 12, 2004</subfield>
   <subfield code="l">UEP01</subfield>
   <subfield code="m">BOOK</subfield>
   <subfield code="q">Knihovna Žižkov - sklad</subfield>
   <subfield code="t">na 1 měsíc</subfield>
   <subfield code="u">UEP01</subfield>
   <subfield code="w">20160104</subfield>
  </datafield>
  <datafield tag="996" ind1=" " ind2=" ">
   <subfield code="1">PSKLA</subfield>
   <subfield code="3">F204768b</subfield>
   <subfield code="4">N:G</subfield>
   <subfield code="5">3142300611</subfield>
   <subfield code="7">Roč. 12, 2004</subfield>
   <subfield code="8">20170529</subfield>
   <subfield code="9">51MUN</subfield>
   <subfield code="a">2004</subfield>
   <subfield code="b">12</subfield>
   <subfield code="f">81</subfield>
   <subfield code="h">Roč. 12, 2004</subfield>
   <subfield code="l">UEP01</subfield>
   <subfield code="m">BOOK</subfield>
   <subfield code="q">Knihovna Žižkov - sklad</subfield>
   <subfield code="t">na 1 měsíc</subfield>
   <subfield code="u">UEP01</subfield>
   <subfield code="w">20170529</subfield>
  </datafield>
  <datafield tag="996" ind1=" " ind2=" ">
   <subfield code="1">PSKLA</subfield>
   <subfield code="3">F204769a</subfield>
   <subfield code="4">N:G</subfield>
   <subfield code="5">3142300613</subfield>
   <subfield code="7">Roč. 13, 2005</subfield>
   <subfield code="8">20170529</subfield>
   <subfield code="9">51MUN</subfield>
   <subfield code="a">2005</subfield>
   <subfield code="b">13</subfield>
   <subfield code="f">81</subfield>
   <subfield code="h">Roč. 13, 2005</subfield>
   <subfield code="l">UEP01</subfield>
   <subfield code="m">BOOK</subfield>
   <subfield code="q">Knihovna Žižkov - sklad</subfield>
   <subfield code="t">na 1 měsíc</subfield>
   <subfield code="u">UEP01</subfield>
   <subfield code="w">20170529</subfield>
  </datafield>
  <datafield tag="996" ind1=" " ind2=" ">
   <subfield code="1">PSKLA</subfield>
   <subfield code="3">F204777a</subfield>
   <subfield code="4">N:G</subfield>
   <subfield code="5">3142300614</subfield>
   <subfield code="7">Roč. 14, 2006</subfield>
   <subfield code="8">20170529</subfield>
   <subfield code="9">51MUN</subfield>
   <subfield code="a">2006</subfield>
   <subfield code="b">14</subfield>
   <subfield code="f">81</subfield>
   <subfield code="h">Roč. 14, 2006</subfield>
   <subfield code="l">UEP01</subfield>
   <subfield code="m">BOOK</subfield>
   <subfield code="q">Knihovna Žižkov - sklad</subfield>
   <subfield code="t">na 1 měsíc</subfield>
   <subfield code="u">UEP01</subfield>
   <subfield code="w">20170529</subfield>
  </datafield>
  <datafield tag="996" ind1=" " ind2=" ">
   <subfield code="1">PSKLA</subfield>
   <subfield code="3">F204778a</subfield>
   <subfield code="4">N:G</subfield>
   <subfield code="5">3142300615</subfield>
   <subfield code="7">Roč. 16, 2008</subfield>
   <subfield code="8">20170529</subfield>
   <subfield code="9">51MUN</subfield>
   <subfield code="a">2008</subfield>
   <subfield code="b">16</subfield>
   <subfield code="f">81</subfield>
   <subfield code="h">Roč. 16, 2008</subfield>
   <subfield code="l">UEP01</subfield>
   <subfield code="m">BOOK</subfield>
   <subfield code="q">Knihovna Žižkov - sklad</subfield>
   <subfield code="t">na 1 měsíc</subfield>
   <subfield code="u">UEP01</subfield>
   <subfield code="w">20170529</subfield>
  </datafield>
  <datafield tag="996" ind1=" " ind2=" ">
   <subfield code="1">PSKLA</subfield>
   <subfield code="3">F204779a</subfield>
   <subfield code="4">N:G</subfield>
   <subfield code="5">3142300616</subfield>
   <subfield code="7">Roč. 17, 2009</subfield>
   <subfield code="8">20170529</subfield>
   <subfield code="9">51MUN</subfield>
   <subfield code="a">2009</subfield>
   <subfield code="b">17</subfield>
   <subfield code="f">81</subfield>
   <subfield code="h">Roč. 17, 2009</subfield>
   <subfield code="l">UEP01</subfield>
   <subfield code="m">BOOK</subfield>
   <subfield code="q">Knihovna Žižkov - sklad</subfield>
   <subfield code="t">na 1 měsíc</subfield>
   <subfield code="u">UEP01</subfield>
   <subfield code="w">20170529</subfield>
  </datafield>
  <datafield tag="996" ind1=" " ind2=" ">
   <subfield code="1">PSKLA</subfield>
   <subfield code="3">F207184a</subfield>
   <subfield code="4">N:G</subfield>
   <subfield code="5">3142300617</subfield>
   <subfield code="7">Roč. 18, 2010</subfield>
   <subfield code="8">20170529</subfield>
   <subfield code="9">51MUN</subfield>
   <subfield code="a">2010</subfield>
   <subfield code="b">18</subfield>
   <subfield code="f">81</subfield>
   <subfield code="h">Roč. 18, 2010</subfield>
   <subfield code="l">UEP01</subfield>
   <subfield code="m">BOOK</subfield>
   <subfield code="q">Knihovna Žižkov - sklad</subfield>
   <subfield code="t">na 1 měsíc</subfield>
   <subfield code="u">UEP01</subfield>
   <subfield code="w">20170529</subfield>
  </datafield>
  <datafield tag="996" ind1=" " ind2=" ">
   <subfield code="1">PSKLA</subfield>
   <subfield code="3">F225836</subfield>
   <subfield code="4">N:G</subfield>
   <subfield code="5">3142300619</subfield>
   <subfield code="7">Roč. 19, 2011</subfield>
   <subfield code="8">20170529</subfield>
   <subfield code="9">51MUN</subfield>
   <subfield code="a">2011</subfield>
   <subfield code="b">19</subfield>
   <subfield code="f">81</subfield>
   <subfield code="h">Roč. 19, 2011</subfield>
   <subfield code="l">UEP01</subfield>
   <subfield code="m">BOOK</subfield>
   <subfield code="q">Knihovna Žižkov - sklad</subfield>
   <subfield code="t">na 1 měsíc</subfield>
   <subfield code="u">UEP01</subfield>
   <subfield code="w">20170529</subfield>
  </datafield>
  <datafield tag="996" ind1=" " ind2=" ">
   <subfield code="1">PSKLA</subfield>
   <subfield code="3">F225837</subfield>
   <subfield code="4">N:G</subfield>
   <subfield code="5">3142300620</subfield>
   <subfield code="7">Roč. 21, 2013</subfield>
   <subfield code="8">20170530</subfield>
   <subfield code="9">51MUN</subfield>
   <subfield code="a">2013</subfield>
   <subfield code="b">21</subfield>
   <subfield code="f">81</subfield>
   <subfield code="h">Roč. 21, 2013</subfield>
   <subfield code="l">UEP01</subfield>
   <subfield code="m">BOOK</subfield>
   <subfield code="q">Knihovna Žižkov - sklad</subfield>
   <subfield code="t">na 1 měsíc</subfield>
   <subfield code="u">UEP01</subfield>
   <subfield code="w">20170531</subfield>
  </datafield>
  <datafield tag="996" ind1=" " ind2=" ">
   <subfield code="1">PSKLA</subfield>
   <subfield code="3">F225838</subfield>
   <subfield code="4">N:G</subfield>
   <subfield code="5">3142300621</subfield>
   <subfield code="7">Roč. 22, 2014</subfield>
   <subfield code="8">20170530</subfield>
   <subfield code="9">51MUN</subfield>
   <subfield code="a">2014</subfield>
   <subfield code="b">22</subfield>
   <subfield code="f">81</subfield>
   <subfield code="h">Roč. 22, 2014</subfield>
   <subfield code="l">UEP01</subfield>
   <subfield code="m">BOOK</subfield>
   <subfield code="q">Knihovna Žižkov - sklad</subfield>
   <subfield code="t">na 1 měsíc</subfield>
   <subfield code="u">UEP01</subfield>
   <subfield code="w">20170531</subfield>
  </datafield>
  <datafield tag="996" ind1=" " ind2=" ">
   <subfield code="1">PSKLA</subfield>
   <subfield code="3">F225839</subfield>
   <subfield code="4">N:G</subfield>
   <subfield code="5">3142300622</subfield>
   <subfield code="7">Roč. 23, 2015</subfield>
   <subfield code="8">20170530</subfield>
   <subfield code="9">51MUN</subfield>
   <subfield code="a">2015</subfield>
   <subfield code="b">23</subfield>
   <subfield code="f">81</subfield>
   <subfield code="h">Roč. 23, 2015</subfield>
   <subfield code="l">UEP01</subfield>
   <subfield code="m">BOOK</subfield>
   <subfield code="q">Knihovna Žižkov - sklad</subfield>
   <subfield code="t">na 1 měsíc</subfield>
   <subfield code="u">UEP01</subfield>
   <subfield code="w">20170531</subfield>
  </datafield>
  <datafield tag="996" ind1=" " ind2=" ">
   <subfield code="1">PSKLA</subfield>
   <subfield code="3">F225840</subfield>
   <subfield code="4">N:G</subfield>
   <subfield code="5">3142300623</subfield>
   <subfield code="7">Roč. 24, 2016</subfield>
   <subfield code="8">20170530</subfield>
   <subfield code="9">51MUN</subfield>
   <subfield code="a">2016</subfield>
   <subfield code="b">24</subfield>
   <subfield code="f">81</subfield>
   <subfield code="h">Roč. 24, 2016</subfield>
   <subfield code="l">UEP01</subfield>
   <subfield code="m">BOOK</subfield>
   <subfield code="q">Knihovna Žižkov - sklad</subfield>
   <subfield code="t">na 1 měsíc</subfield>
   <subfield code="u">UEP01</subfield>
   <subfield code="w">20170531</subfield>
  </datafield>
  <datafield tag="996" ind1=" " ind2=" ">
   <subfield code="1">PSKLA</subfield>
   <subfield code="3">F231890</subfield>
   <subfield code="4">N:G</subfield>
   <subfield code="5">3142346325</subfield>
   <subfield code="7">Roč. 25, 2017</subfield>
   <subfield code="8">20201021</subfield>
   <subfield code="9">51MUN</subfield>
   <subfield code="a">2017</subfield>
   <subfield code="b">25</subfield>
   <subfield code="f">81</subfield>
   <subfield code="h">Roč. 25, 2017</subfield>
   <subfield code="l">UEP01</subfield>
   <subfield code="m">BOOK</subfield>
   <subfield code="q">Knihovna Žižkov - sklad</subfield>
   <subfield code="t">na 1 měsíc</subfield>
   <subfield code="u">UEP01</subfield>
   <subfield code="w">20201021</subfield>
  </datafield>
  <datafield tag="996" ind1=" " ind2=" ">
   <subfield code="1">PSKLA</subfield>
   <subfield code="3">F231891</subfield>
   <subfield code="4">N:G</subfield>
   <subfield code="5">3142346326</subfield>
   <subfield code="7">Roč. 26, 2018</subfield>
   <subfield code="8">20201021</subfield>
   <subfield code="9">51MUN</subfield>
   <subfield code="a">2018</subfield>
   <subfield code="b">26</subfield>
   <subfield code="f">81</subfield>
   <subfield code="h">Roč. 26, 2018</subfield>
   <subfield code="l">UEP01</subfield>
   <subfield code="m">BOOK</subfield>
   <subfield code="q">Knihovna Žižkov - sklad</subfield>
   <subfield code="t">na 1 měsíc</subfield>
   <subfield code="u">UEP01</subfield>
   <subfield code="w">20201021</subfield>
  </datafield>
  <datafield tag="996" ind1=" " ind2=" ">
   <subfield code="1">PSKLA</subfield>
   <subfield code="3">F231892</subfield>
   <subfield code="4">N:G</subfield>
   <subfield code="5">3142346327</subfield>
   <subfield code="7">Roč. 27, 2019</subfield>
   <subfield code="8">20201021</subfield>
   <subfield code="9">51MUN</subfield>
   <subfield code="a">2019</subfield>
   <subfield code="b">27</subfield>
   <subfield code="f">81</subfield>
   <subfield code="h">Roč. 27, 2019</subfield>
   <subfield code="l">UEP01</subfield>
   <subfield code="m">BOOK</subfield>
   <subfield code="q">Knihovna Žižkov - sklad</subfield>
   <subfield code="t">na 1 měsíc</subfield>
   <subfield code="u">UEP01</subfield>
   <subfield code="w">20201021</subfield>
  </datafield>
  <datafield tag="996" ind1=" " ind2=" ">
   <subfield code="1">PSKLA</subfield>
   <subfield code="3">F234530</subfield>
   <subfield code="4">N:vl. tisk</subfield>
   <subfield code="5">3142355856</subfield>
   <subfield code="7">Roč. 29, 2021</subfield>
   <subfield code="8">20220310</subfield>
   <subfield code="9">51MUN</subfield>
   <subfield code="a">2021</subfield>
   <subfield code="b">29</subfield>
   <subfield code="f">81</subfield>
   <subfield code="h">Roč. 29, 2021</subfield>
   <subfield code="l">UEP01</subfield>
   <subfield code="m">BOOK</subfield>
   <subfield code="q">Knihovna Žižkov - sklad</subfield>
   <subfield code="t">na 1 měsíc</subfield>
   <subfield code="u">UEP01</subfield>
   <subfield code="w">20220311</subfield>
  </datafield>
  <datafield tag="996" ind1=" " ind2=" ">
   <subfield code="1">PSKLA</subfield>
   <subfield code="3">F234530a</subfield>
   <subfield code="4">N:vl. tisk</subfield>
   <subfield code="5">3142355857</subfield>
   <subfield code="7">Roč. 29, 2021</subfield>
   <subfield code="8">20220310</subfield>
   <subfield code="9">51MUN</subfield>
   <subfield code="a">2021</subfield>
   <subfield code="b">29</subfield>
   <subfield code="f">81</subfield>
   <subfield code="h">Roč. 29, 2021</subfield>
   <subfield code="l">UEP01</subfield>
   <subfield code="m">BOOK</subfield>
   <subfield code="q">Knihovna Žižkov - sklad</subfield>
   <subfield code="t">na 1 měsíc</subfield>
   <subfield code="u">UEP01</subfield>
   <subfield code="w">20220311</subfield>
  </datafield>
  <datafield tag="996" ind1=" " ind2=" ">
   <subfield code="1">PSKLA</subfield>
   <subfield code="3">F236182</subfield>
   <subfield code="4">N:vl. tisk</subfield>
   <subfield code="5">3142364292</subfield>
   <subfield code="7">Roč. 30, 2022</subfield>
   <subfield code="8">20230123</subfield>
   <subfield code="9">51MUN</subfield>
   <subfield code="a">2022</subfield>
   <subfield code="b">30</subfield>
   <subfield code="f">81</subfield>
   <subfield code="h">Roč. 30, 2022</subfield>
   <subfield code="l">UEP01</subfield>
   <subfield code="m">BOOK</subfield>
   <subfield code="q">Knihovna Žižkov - sklad</subfield>
   <subfield code="t">na 1 měsíc</subfield>
   <subfield code="u">UEP01</subfield>
   <subfield code="w">20230123</subfield>
  </datafield>
  <datafield tag="996" ind1=" " ind2=" ">
   <subfield code="1">PSKLA</subfield>
   <subfield code="3">F236182a</subfield>
   <subfield code="4">N:vl. tisk</subfield>
   <subfield code="5">3142364293</subfield>
   <subfield code="7">Roč. 30, 2022</subfield>
   <subfield code="8">20230123</subfield>
   <subfield code="9">51MUN</subfield>
   <subfield code="a">2022</subfield>
   <subfield code="b">30</subfield>
   <subfield code="f">81</subfield>
   <subfield code="h">Roč. 30, 2022</subfield>
   <subfield code="l">UEP01</subfield>
   <subfield code="m">BOOK</subfield>
   <subfield code="q">Knihovna Žižkov - sklad</subfield>
   <subfield code="t">na 1 měsíc</subfield>
   <subfield code="u">UEP01</subfield>
   <subfield code="w">20230123</subfield>
  </datafield>
  <datafield tag="996" ind1=" " ind2=" ">
   <subfield code="1">PSKLA</subfield>
   <subfield code="3">F238244</subfield>
   <subfield code="4">N:vl. tisk</subfield>
   <subfield code="5">3142371940</subfield>
   <subfield code="7">Roč. 32, 2024</subfield>
   <subfield code="8">20250206</subfield>
   <subfield code="9">51MUN</subfield>
   <subfield code="a">2024</subfield>
   <subfield code="b">32</subfield>
   <subfield code="f">81</subfield>
   <subfield code="h">Roč. 32, 2024</subfield>
   <subfield code="l">UEP01</subfield>
   <subfield code="m">BOOK</subfield>
   <subfield code="q">Knihovna Žižkov - sklad</subfield>
   <subfield code="t">na 1 měsíc</subfield>
   <subfield code="u">UEP01</subfield>
   <subfield code="w">20250218</subfield>
  </datafield>
  <datafield tag="996" ind1=" " ind2=" ">
   <subfield code="1">PSKLA</subfield>
   <subfield code="3">F238244a</subfield>
   <subfield code="4">N:vl. tisk</subfield>
   <subfield code="5">3142371941</subfield>
   <subfield code="7">Roč. 32, 2024</subfield>
   <subfield code="8">20250206</subfield>
   <subfield code="9">51MUN</subfield>
   <subfield code="a">2024</subfield>
   <subfield code="b">32</subfield>
   <subfield code="f">81</subfield>
   <subfield code="h">Roč. 32, 2024</subfield>
   <subfield code="l">UEP01</subfield>
   <subfield code="m">BOOK</subfield>
   <subfield code="q">Knihovna Žižkov - sklad</subfield>
   <subfield code="t">na 1 měsíc</subfield>
   <subfield code="u">UEP01</subfield>
   <subfield code="w">20250218</subfield>
  </datafield>
 </record>
</collection>
